Estadísticas para Capitales de Países en la Copa Mundial de la FIFA del 2018

Haz click aquí para intentar la prueba.

Estadísticas generales

  • Esta prueba ha sido intentada 1.764 veces
  • La puntuación promedio es 24 de 32

Estadísticas de respuestas

GrupoPaísCapital% Correcto
BEspañaMadrid
96%
DArgentinaBuenos Aires
95%
CFranciaParís
95%
ARusiaMoscú
94%
EBrasilBrasilia
92%
BPortugalLisboa
90%
FAlemaniaBerlín
89%
GInglaterraLondres
88%
AUruguayMontevideo
86%
HColombiaBogotá
85%
FMéxicoCiudad de México
85%
HJapónTokio
85%
GBélgicaBruselas
79%
CPerúLima
79%
FCorea del SurSeúl
76%
FSueciaEstocolmo
74%
CAustraliaCanberra
73%
AEgiptoEl Cairo
73%
DCroaciaZagreb
73%
HPoloniaVarsovia
66%
ESuizaBerna
65%
BMarruecosRabat
65%
GPanamaCiudad de Panamá
62%
CDinamarcaCopenhague
62%
DIslandiaReikiavik
60%
ECosta RicaSan José
60%
BIránTeherán
60%
AArabia SauditaRiad
54%
ESerbiaBelgrado
52%
DNigeriaAbuya
48%
HSenegalDakar
45%
GTúnezTúnez
45%

Distribución de puntuación

Porcentaje por número respondido

Porcentaje de gente con cada puntuación

Historial de tus puntuaciones

No has intentado esta prueba.